000 00370nam a2200133Ia 4500
005 20260328104306.0
008 260328s9999||||xx |||||||||||||| ||und||
100 _aNecipoglu, Gulru
245 4 _aThe Age of Sinan :
_b Architectural Culture in the Ottoman Empire. /
_cGulru Necipoglu
260 _bReaktion Books
300 _a581 p.
650 _aESTAMBUL
942 _cBK
999 _c10763
_d10763